Pro Sports Teams in Pennsylvania, D.C., Maryland - Statistics

General Stats
  • This quiz has been taken 78 times
  • The average score is 13 of 15
Answer Stats
League Team % Correct
NFL Baltimore Ravens
98%
NBA Philadelphia 76ers
98%
NFL Philadelphia Eagles
98%
NFL Washington Commanders
98%
NFL Pittsburgh Steelers
97%
NHL Washington Capitals
95%
MLB Philadelphia Phillies
94%
NHL Pittsburgh Penguins
92%
MLB Washington Nationals
92%
MLB Baltimore Orioles
91%
NBA Washington Wizards
91%
MLB Pittsburgh Pirates
89%
NHL Philadelphia Flyers
86%
MLS Philadelphia Union
58%
MLS D.C. United
57%
No matching quizzes found
Score Distribution
Percent of People with Each Score
Percentile by Number Answered
Your Score History
You have not taken this quiz